000 00448nam a2200157 4500
001 107042
003 ES-MaACL
005 20230906184333.0
007 t|
008 061121s1977 sp r ||||1| spa d
100 1 _aMoreu Curbera, José María.
_983493
245 1 0 _aProblemas de navegación /
_cMoreu Curbera.
260 _aMadrid :
_b[s.n.],
_c1977 (
_fE. Minuesa)
300 _a420 p. :
_bil. ;
_c25 cm.
852 _aES-MaACL
_jA-7741
_bR.96875
999 _c107042
_d107042